| 000 | 00688nam a2200205Ia 4500 | ||
|---|---|---|---|
| 001 | 13595 | ||
| 003 | GE_BSU | ||
| 008 | 181216s||||||||xx |||||||||||||| ||und|| | ||
| 040 | _cGE_BSU | ||
| 245 | _aТеоретическая и математическая физика (Том 180) №3 Сентябрь 2014 | ||
| 245 | _cГл.ред.Славнов А.А. | ||
| 260 | _aМосква | ||
| 260 | _bНаука | ||
| 260 | _c2014 | ||
| 300 | _a292-432стр.24см. | ||
| 653 | _aПериодика | ||
| 653 | _aТеоретическая и математическая физика. (Том 180) №3 Сентябрь 2014 | ||
| 653 | _aპერიოდიკა | ||
| 942 | _cCR | ||
| 999 |
_c46751 _d46751 |
||